000 00703nam a2200217Ii 4500
003 JO-AjNU
008 230605s9999||||xx |||||||||||||| ||und||
017 _a2001/2/430
040 _aJO-AjNU
_bara
_erda
_cJO-AjNU
041 _aara
050 1 4 _aLB1027.5.A2822 2009
100 3 _aأبو أسعد،أحمد عبد اللطيف,
_eauthor
_931454
245 0 0 _aالمهارات الإرشادية
250 _aط1
264 3 1 _aعمان:دار المسيرة للنشر والتوزيع والطباعة،2009
300 _a272ص
336 _atext
_btxt
_2rdacontent
337 _aunmediated
_bn
_2rdamedia
338 _avolume
_bnc
_2rdacarrier
650 4 _aالتوجيه التربوي
_931455
999 _aA12583
_c16151
_d16151